|
|
|
|
| LEADER |
00000nam0a2200000 4500 |
| 001 |
115944 |
| 005 |
20231031123009.0 |
| 010 |
|
|
|a 5974600339
|
| 035 |
|
|
|a (RuTPU)RU\TPU\book\125453
|
| 090 |
|
|
|a 115944
|
| 100 |
|
|
|a 20070516d2006 m y0rusy50 ca
|
| 101 |
0 |
|
|a rus
|
| 102 |
|
|
|a RU
|
| 105 |
|
|
|a y j 001zy
|
| 200 |
1 |
|
|a Менеджмент и менеджеры отечественной сферы физической культуры и спорта
|e учебное пособие
|f В. Н. Зуев
|
| 210 |
|
|
|a Москва
|c Физическая культура
|d 2006
|
| 215 |
|
|
|a 387 с.
|
| 320 |
|
|
|a Библиогр.: с. 386-387.
|
| 330 |
|
|
|a В учебном пособии отражено становление, формирование и регулирование отечественной сферы физической культуры. Автор рассматривает в издании эволюцию управленческой мысли в федеральных органах власти и субъектах Российской Федерации. Рассматривается также технология формирования управленческих команд и менеджмент в отрасли. Учебное пособие предназначено для студентов, изучающих дисциплины «Менеджмент в сфере физической культуры и спорта», «История физической культуры» по направлению 032100 - Физическая культура и специальности 032101 - Физическая культура и спорт; аспирантов, преподавателей, а также для заинтересованных читателей, совершенствующих свои знания в менеджменте сферы физической культуры и спорта.
|
| 610 |
1 |
|
|a спорт
|
| 610 |
1 |
|
|a физическая культура
|
| 610 |
1 |
|
|a управление
|
| 610 |
1 |
|
|a менеджмент
|
| 610 |
1 |
|
|a менеджеры
|
| 610 |
1 |
|
|a управленческая мысль
|
| 610 |
1 |
|
|a управленческие команды
|
| 610 |
1 |
|
|a государственная политика
|
| 610 |
1 |
|
|a федеральные органы
|
| 610 |
1 |
|
|a командный менеджмент
|
| 610 |
1 |
|
|a Олимпийский комитет
|
| 610 |
1 |
|
|a Российская Федерация
|
| 610 |
1 |
|
|a правовые вопросы
|
| 610 |
1 |
|
|a спортивные федерации
|
| 610 |
1 |
|
|a кадры
|
| 610 |
1 |
|
|a подготовка
|
| 610 |
1 |
|
|a спортивный менеджер
|
| 610 |
1 |
|
|a переподготовка
|
| 610 |
1 |
|
|a учебные пособия
|
| 675 |
|
|
|a 796(075.8)
|v 3
|
| 700 |
|
1 |
|a Зуев
|b В. Н.
|g Валентин Никифорович
|
| 801 |
|
1 |
|a RU
|b 63413507
|c 20070516
|g PSBO
|
| 801 |
|
2 |
|a RU
|b 63413507
|c 20140411
|g PSBO
|
| 900 |
|
|
|a Менеджмент в социально-культурном сервисе и туризме
|
| 900 |
|
|
|a Менеджмент и экономика физической культуры и спорта
|
| 942 |
|
|
|c BK
|